[Event "Outaouais-ch"]
[Site "Hull"]
[Date "1994.04.24"]
[Round "2"]
[White "Groleau, Gilles"]
[Black "Roy, Jean Pierre"]
[Result "1-0"]
[WhiteElo "1949"]
[BlackElo "1686"]
[PlyCount "69"]
[EventDate "1994.04.17"]
[EventType "tourn"]
[EventRounds "7"]
[EventCountry "CAN"]
[SourceTitle "EXT 2022"]
[Source "ChessBase"]
[SourceDate "2021.10.06"]
[SourceVersion "1"]
[SourceVersionDate "2021.10.06"]
[SourceQuality "1"]

1. e4 e5 2. Nf3 Nc6 3. Bb5 d6 4. 0-0 Bd7 5. c3 Nf6 6. Re1 a6 7. Ba4 b5 8. Bb3 h6 9. d4 a5 10. Nbd2 g5 11. dxe5 dxe5 12. Bd5 Bd6 13. Qb3 0-0 14. Nf1 Qb8 15. Ng3 a4 16. Qc2 Re8 17. Bd2 b4 18. Bxc6 b3 19. axb3 axb3 20. Rxa8 bxc2 21. Rxb8 Rxb8 22. Bxd7 Nxd7 23. Bc1 Nc5 24. Re2 Nd3 25. Rxc2 Nxc1 26. Rxc1 Rxb2 27. Nf5 Kh7 28. Nxd6 cxd6 29. Kf1 Kg6 30. Rd1 Rb6 31. g4 h5 32. h3 h4 33. Ke2 f6 34. Nd2 Rb2 35. Rb1 1-0

[Event "Outaouais-ch"]
[Site "Gatineau"]
[Date "1993.05.16"]
[Round "3"]
[White "Maisonneuve, Paul"]
[Black "Roy, Jean Pierre"]
[Result "0-1"]
[WhiteElo "1543"]
[BlackElo "1721"]
[PlyCount "103"]
[EventDate "1993.05.02"]
[EventType "tourn"]
[EventRounds "7"]
[EventCountry "CAN"]
[SourceTitle "EXT 2022"]
[Source "ChessBase"]
[SourceDate "2021.10.06"]
[SourceVersion "1"]
[SourceVersionDate "2021.10.06"]
[SourceQuality "1"]

1. d4 Nf6 2. c4 g6 3. Nc3 Bg7 4. Nf3 0-0 5. Bg5 d6 6. e4 c5 7. d5 Re8 8. Bd3 Nbd7 9. 0-0 Ng4 10. Qd2 Nde5 11. Nxe5 Bxe5 12. h3 Nf6 13. Bf4 Nd7 14. Bxe5 Nxe5 15. Be2 a6 16. f4 Nd7 17. Rae1 Nf6 18. e5 Nh5 19. Bxh5 gxh5 20. f5 Kh8 21. e6 f6 22. Re4 Rg8 23. Rh4 Rg7 24. Rxh5 b5 25. b3 bxc4 26. bxc4 a5 27. Qh6 a4 28. Ne2 Rb8 29. Rf4 Qg8 30. Rfh4 Rxg2+ 31. Kf1 Rb1+ 32. Nc1 Rxc1+ 33. Qxc1 Rg1+ 34. Ke2 Rxc1 35. Rg4 Rc2+ 36. Kd3 Rxa2 37. Rxg8+ Kxg8 38. Kc3 Rf2 39. Rh4 Rxf5 40. Rg4+ Kf8 41. h4 Rf2 42. Re4 Kg7 43. Rg4+ Kf8 44. Re4 a3 45. Kb3 a2 46. Re1 Rg2 47. Ra1 Kg7 48. Rxa2 Rxa2 49. Kxa2 f5 50. Kb2 Ba6 51. Kc3 Kf6 52. Kd3 0-1